000 00534nam a2200181Ia 4500
003 GCL
008 140319s9999 xx 000 0 ara d
040 _aGCL /
_cGCL
082 0 4 _a657.46
_bام
100 1 _aاحمد نور
245 1 0 _aالمحاسبة الضريبية من الناحية التطبيقية /
_cاحمد نور
260 _a[S.N] :
_bمؤسسة شباب الجامعة ،
_c1975
300 _a636 ص
490 _a
650 0 4 _aالمحاسبة
650 0 4 _aمحاسبة الضرائب
942 _2ddc
_cBK
999 _c53734
_d53734